Objective Economic & Social Development: (Record no. 192963)
[ view plain ]
| 000 -LEADER | |
|---|---|
| fixed length control field | 00687nam a22001937a 4500 |
| 005 - DATE AND TIME OF LATEST TRANSACTION | |
| control field | 20221012111654.0 |
| 010 ## - LCCN (DPL NO) | |
| LC control number | B-745945 |
| 020 ## - INTERNATIONAL STANDARD BOOK NUMBER | |
| International Standard Book Number | 9789352667710 |
| Terms of availability | 250.00 |
| 035 ## - SYSTEM CONTROL NUMBER | |
| System control number | B-745945 |
| 037 ## - SOURCE OF ACQUISITION | |
| Source of stock number/acquisition | Prabhat Paperbacks |
| 082 ## - DEWEY DECIMAL CLASSIFICATION NUMBER | |
| Classification number | 000 |
| 100 ## - MAIN ENTRY--PERSONAL NAME | |
| Personal name | Udaybhan Singh |
| 245 ## - TITLE STATEMENT | |
| Title | Objective Economic & Social Development: |
| Remainder of title | paper-1 general studies for civil services preliminary examination/ |
| Statement of responsibility, etc | Udaybhan Singh |
| 260 ## - PUBLICATION, DISTRIBUTION, ETC. (IMPRINT) | |
| Place of publication, distribution, etc | New Delhi |
| Name of publisher, distributor, etc | Prabhat Paperbacks |
| Date of publication, distribution, etc | 2018 |
| 270 ## - ADDRESS | |
| Address | 4/19 Asaf Ali Road, |
| City | New Delhi |
| Postal code | 110092 |
| 300 ## - PHYSICAL DESCRIPTION | |
| Extent | 293p. |
| Dimensions | 24cm (pbk) |
| 942 ## - ADDED ENTRY ELEMENTS (KOHA) | |
| Source of classification or shelving scheme | Dewey Decimal Classification |
| Item type | English Books |
| Call number suffix | UDA |
| Classification part | 000 |
No items available.
